The importance of being earnest and other plays

Đã lưu trong:
Chi tiết về thư mục
Tác giả chính: Wilde, Oscar 1854-1900 (Tác giả)
Định dạng: Sách
Ngôn ngữ:Tiếng Anh
Được phát hành: Nueva York New American Library 1985
Những chủ đề:
Các nhãn: Thêm thẻ
Không có thẻ, Là người đầu tiên thẻ bản ghi này!

MARC

LEADER 00000nam a2200000 a 4500
001 UCP2765
003 CL-VaPUC
008 990528e19850000US |||||||||||||||||eng|d
082 0 4 |a 822  |b WIL  |2 21 
100 |a Wilde, Oscar  |d 1854-1900  |e author  |9 347444 
245 1 4 |a The importance of being earnest and other plays 
300 |a 200 p 
942 |c BK 
945 |d 19990528 00:00:00  |a rbrito 
260 |a Nueva York  |b New American Library  |c 1985 
650 7 |a DRAMAS INGLES  |2 CL-VaPUC  |9 373422 
583 |a last modification  |c 19990528 00:00:00  |k Rodrigo Vera 
999 |c 281239  |d 281237 
952 |0 0  |1 0  |4 0  |6 822_000000000000000_WIL_1985  |7 0  |8 A  |9 321925  |a BIBEDU  |b BIBEDU  |d 2019-11-20  |i 3528650  |o 822 WIL 1985  |p 3528650  |r 2019-11-20  |w 2019-11-20  |y BK  |k LIT